Estatísticas para Marcas que começam com H

Clique aqui para jogar o quiz

Estatísticas Gerais

  • Esse quiz foi jogado 12 vezes
  • A pontuação média é 4 de 21

Estatísticas das Respostas

HintResposta% Correto
1.Honda
92%
18.Hyundai
83%
9.Havaianas
33%
14.Hp
33%
17.Halls
25%
19.HBO
25%
16.Hasbro
17%
8.Heineken
17%
6.Häagen-Dazs
8%
4.Hard Rock
8%
5.Haribo
8%
7.Heinz
8%
10.Hellmann’s
8%
2.Herbalife
8%
12.Hershey’s
8%
13.Hotmail
8%
15.Hugo Boss
8%
3.H & M
0%
20.Head & Shoulders
0%
11.Hermés
0%
18.Hoover
0%

Distribuição das Pontuações

Percentil de Números Respondidos

Porcentagem de Pessoas com Cada Pontuação

Sua Pontuação Histórica

Você não jogou esse quiz